00838nam a2200217Ia 4500001001000000003000500010008004100015010001100056040000900067100003400076245019400110260004300304300002300347440003600370650002500406650002400431650001000455700002900465700003800494710008800532Para_7021CHAP220125s1987 xx 000 0 und d a205767 cCHAP aGonzález Lauck, Víctor W. aGuía para producir yuca intercalada con frijol pelón en la sabana de Huimanguillo, Tabasco /c por Víctor W. González Lauck, José Luis Zuñiga González, David Sánchez Esparza aHuimanguillo, Tab. :b INIFAP. CIFATAB a1 hoja desplegable aDesplegable para productores; 8 aFrijol x variedades aSiembra múltiple  aYuca  aSánchez Esparza, David aZuñiga González, José Luis  aInstituto Nacional de Investigaciones Forestales y Agropecuarias (México) CIFATAB